Pre-capitalist economic formations
The whole provides new materials of the greatest importance for all who are interested in the development of Marxist thought and the general problems of the historical succession of economic formations.
Na minha lista:
| Autor principal: | |
|---|---|
| Formato: | Livro |
| Idioma: | Undetermined |
| Publicado em: |
London
Lawrence & Wishart
1964
|
| Assuntos: | |
| Tags: |
Adicionar Tag
Sem tags, seja o primeiro a adicionar uma tag!
|
| Thư viện lưu trữ: | Trung tâm Học liệu Trường Đại học Cần Thơ |
|---|
| LEADER | 00804nam a2200193Ia 4500 | ||
|---|---|---|---|
| 001 | CTU_219086 | ||
| 008 | 210402s9999 xx 000 0 und d | ||
| 082 | |a 330 | ||
| 082 | |b M392 | ||
| 100 | |a Marx, Karl | ||
| 245 | 0 | |a Pre-capitalist economic formations | |
| 245 | 0 | |c Karl Marx ; Translated by Jack Cohen ; Edited and with an introd. by E. J. Hobsbawm | |
| 260 | |a London | ||
| 260 | |b Lawrence & Wishart | ||
| 260 | |c 1964 | ||
| 520 | |a The whole provides new materials of the greatest importance for all who are interested in the development of Marxist thought and the general problems of the historical succession of economic formations. | ||
| 650 | |a Capitalist,Economics,Chủ nghĩa tư bản,Kinh tế học | ||
| 904 | |i Qhieu | ||
| 980 | |a Trung tâm Học liệu Trường Đại học Cần Thơ | ||